Word Ladder: Word of Mouth Quiz Stats

Quiz Updated Mar 16, 2015

Challenge
Share
Tweet
Embed
Score 0/22 Timer 02:00
4 Plays Today
Hint 4-Letter Word % Correct
Touch with the lipKISS
97.1%
Use the teethBITE
96.8%
Where to go ice skatingRINK
96%
____ and piecesBITS
95.7%
What a vacuum cleaner doesSUCK
94.8%
Good fortuneLUCK
94.5%
Pass the tongue overLICK
92.6%
Basin with a water supplySINK
92.4%
Utter musical soundsSING
91.3%
Like a destroyed battleshipSUNK
91.1%
Circular bandRING
90.9%
Hint 4-Letter Word % Correct
Religious ceremonyRITE
90.2%
Grain used as foodRICE
90%
Young of beavers, foxes, ferrets ...KITS
89.7%
Above ordinary heightTALL
88.4%
Moranis or Astley, e.g.RICK
88.3%
Conversation; discussionTALK
85.8%
What a bird's beak doesPECK
79.6%
Long handled toolPICK
79%
Communicate informationTELL
77%
Broad-headed nailTACK
62.3%
Royal consort: Mary of ____TECK
56.2%

Today's Daily Dose

You're not logged in!

Compare scores with friends on all Sporcle quizzes.
Join for Free
OR
Log In

You Might Also Like...

Show Comments

Extras

Top Quizzes Today


Score Distribution

Your Account Isn't Verified!

In order to create a playlist on Sporcle, you need to verify the email address you used during registration. Go to your Sporcle Settings to finish the process.

Report this User

Report this user for behavior that violates our Community Guidelines.

Details: